000 00391nam a2200133Ia 4500
008 230411s9999 xx 000 0 und d
041 _aeng
082 _aA/611/GAR/B07460
100 _aGarg Krishna Ed.
245 _aCompanion Pocketbook B D Chaurasias Human Anataomy : Volume 2
260 _bCBS Publishers & Distributors
_aNew Delhi
_c2012
300 _a288p
999 _c157583
_d157583